L´ Empire Mexicain (Record no. 2576)

MARC details
000 -CABECERA
campo de control de longitud fija 00705nam a2200217 a 4500
001 - NÚMERO DE CONTROL
campo de control BRCA_2837
005 - FECHA Y HORA DE LA ÚLTIMA TRANSACCIÓN
campo de control 20190320204007.0
008 - DATOS DE LONGITUD FIJA--INFORMACIÓN GENERAL
campo de control de longitud fija 091208s1863----fr-#---###---#000-0#fre-u
050 #4 - SIGNATURA TOPOGRÁFICA DE LA BIBLIOTECA DEL CONGRESO
Número de clasificación F1219
Número de documento/Ítem .B87 1863
100 1# - ENTRADA PRINCIPAL--NOMBRE DE PERSONA
Nombre de persona Bussierre, M. Th. de
9 (RLIN) 7941
245 10 - MENCIÓN DE TÍTULO
Título L´ Empire Mexicain
Resto del título Historie des Tolteques, des Chichimeques, des Azteques et de la Conquete Espagnole
Mención de responsabilidad, etc. par le vicomte M. Th. de Bussierre.
260 ## - PUBLICACIÓN, DISTRIBUCIÓN, ETC.
Lugar de publicación, distribución, etc. Paris
Nombre del editor, distribuidor, etc. Henri Plon
Fecha de publicación, distribución, etc. 1863
300 ## - DESCRIPCIÓN FÍSICA
Extensión 427 p.
Dimensiones 22 cm.
500 ## - NOTA GENERAL
Nota general B1
650 14 - PUNTO DE ACCESO ADICIONAL DE MATERIA--TÉRMINO DE MATERIA
Término de materia o nombre geográfico como elemento de entrada Aztecas
Subdivisión general Historia
Subdivisión geográfica México
9 (RLIN) 7942
650 14 - PUNTO DE ACCESO ADICIONAL DE MATERIA--TÉRMINO DE MATERIA
Término de materia o nombre geográfico como elemento de entrada Chichimecas
Subdivisión general Historia
Subdivisión geográfica México
9 (RLIN) 7943
650 14 - PUNTO DE ACCESO ADICIONAL DE MATERIA--TÉRMINO DE MATERIA
Término de materia o nombre geográfico como elemento de entrada Toltecas
Subdivisión geográfica México
9 (RLIN) 7944
650 14 - PUNTO DE ACCESO ADICIONAL DE MATERIA--TÉRMINO DE MATERIA
Término de materia o nombre geográfico como elemento de entrada Indios de México
9 (RLIN) 7945
902 ## - CATALOGADOR
Iniciales GFM
942 ## - ELEMENTOS DE PUNTO DE ACCESO ADICIONAL (KOHA)
Fuente del sistema de clasificación o colocación Library of Congress Classification
Tipo de ítem Koha Libros
Holdings
Estado de retiro Estado de pérdida Estado dañado No para préstamo Localización permanente Ubicación/localización actual Fecha de adquisición Número de inventario Total de préstamos Signatura topográfica completa Código de barras Fecha visto por última vez Precio válido a partir de Tipo de ítem Koha
El ejemplar forma parte de la colección y puede ser consultado según las políticas vigentes.       Biblioteca del Museo Franz Mayer (Rogerio Casas-Alatriste) Biblioteca del Museo Franz Mayer (Rogerio Casas-Alatriste) 09/12/2008 B1   F1219 .B87 1863 (B1) 2834 22/03/2019 22/03/2019 Libros